MARC details
| 000 -LEADER |
| fixed length control field |
02403pam a2200553 a 4500 |
| 008 - FIXED-LENGTH DATA ELEMENTS--GENERAL INFORMATION |
| fixed length control field |
060816s2007 nyu c 000 1 eng |
| 010 ## - LIBRARY OF CONGRESS CONTROL NUMBER |
| LC control number |
2006023660 |
| 020 ## - INTERNATIONAL STANDARD BOOK NUMBER |
| International Standard Book Number |
9780618724833 (hc.) |
| 020 ## - INTERNATIONAL STANDARD BOOK NUMBER |
| International Standard Book Number |
0618724834 (hc.) |
| 020 ## - INTERNATIONAL STANDARD BOOK NUMBER |
| International Standard Book Number |
9781428739239 (BWI bdg.) |
| 020 ## - INTERNATIONAL STANDARD BOOK NUMBER |
| International Standard Book Number |
1428739238 (BWI bdg.) |
| 040 ## - CATALOGING SOURCE |
| Original cataloging agency |
DLC |
| Transcribing agency |
DLC |
| Modifying agency |
DLC |
| -- |
KyLxBWI |
| -- |
ICrlF |
| 042 ## - AUTHENTICATION CODE |
| Authentication code |
lcac |
| 043 ## - GEOGRAPHIC AREA CODE |
| Geographic area code |
n-us-ny |
| 050 00 - LIBRARY OF CONGRESS CALL NUMBER |
| Classification number |
PZ7.S3527 |
| Item number |
We 2007 |
| 082 00 - DEWEY DECIMAL CLASSIFICATION NUMBER |
| Classification number |
[Fic] |
| Edition number |
22 |
| 035 ## - SYSTEM CONTROL NUMBER |
| System control number |
(IMchF)fol11283923 |
| 005 - DATE AND TIME OF LATEST TRANSACTION |
| control field |
20260205142031.0 |
| 001 - CONTROL NUMBER |
| control field |
53448 |
| 003 - CONTROL NUMBER IDENTIFIER |
| control field |
DCL |
| 100 1# - MAIN ENTRY--PERSONAL NAME |
| Personal name |
Schmidt, Gary D. |
| 9 (RLIN) |
31383 |
| 245 14 - TITLE STATEMENT |
| Title |
The Wednesday wars / |
| Statement of responsibility, etc |
by Gary D. Schmidt. |
| 260 ## - PUBLICATION, DISTRIBUTION, ETC. (IMPRINT) |
| Place of publication, distribution, etc |
New York : |
| Name of publisher, distributor, etc |
Clarion Books, |
| Date of publication, distribution, etc |
c2007. |
| 300 ## - PHYSICAL DESCRIPTION |
| Extent |
264 p. ; |
| Dimensions |
24 cm. |
| 490 ## - SERIES STATEMENT |
| Series statement |
Newbery |
| 520 ## - SUMMARY, ETC. |
| Summary, etc |
During the 1967 school year, on Wednesday afternoons when all his classmates go to either Catechism or Hebrew school, seventh-grader Holling Hoodhood stays in Mrs. Baker's classroom where they read the plays of William Shakespeare and Holling learns much of value about the world he lives in. |
| 521 0# - TARGET AUDIENCE NOTE |
| Target audience note |
5.6 |
| Source |
Follett Library Resources |
| 521 2# - TARGET AUDIENCE NOTE |
| Target audience note |
5-8 |
| Source |
Follett Library Resources |
| 650 ## - SUBJECT ADDED ENTRY--TOPICAL TERM |
| Topical term or geographic name as entry element |
Newbery Medal |
| 650 #0 - SUBJECT ADDED ENTRY--TOPICAL TERM |
| Topical term or geographic name as entry element |
Coming of age |
| Form subdivision |
Juvenile fiction. |
| 9 (RLIN) |
5678659 |
| 600 10 - SUBJECT ADDED ENTRY--PERSONAL NAME |
| Personal name |
Shakespeare, William, |
| Dates associated with a name |
1564-1616. |
| Title of a work |
Plays |
| Form subdivision |
Juvenile fiction. |
| 9 (RLIN) |
6468316 |
| 650 #0 - SUBJECT ADDED ENTRY--TOPICAL TERM |
| Topical term or geographic name as entry element |
Junior high schools |
| Form subdivision |
Juvenile fiction. |
| 9 (RLIN) |
5693777 |
| 650 #0 - SUBJECT ADDED ENTRY--TOPICAL TERM |
| Topical term or geographic name as entry element |
Family |
| Geographic subdivision |
New York (State) |
| -- |
Long Island |
| Form subdivision |
Juvenile fiction. |
| 9 (RLIN) |
6520544 |
| 651 #0 - SUBJECT ADDED ENTRY--GEOGRAPHIC NAME |
| Geographic name |
Long Island (N.Y.) |
| General subdivision |
History |
| Chronological subdivision |
20th century |
| Form subdivision |
Juvenile fiction. |
| 9 (RLIN) |
6468318 |
| 650 #1 - SUBJECT ADDED ENTRY--TOPICAL TERM |
| Topical term or geographic name as entry element |
Coming of age |
| Form subdivision |
Fiction. |
| 9 (RLIN) |
5678662 |
| 600 11 - SUBJECT ADDED ENTRY--PERSONAL NAME |
| Personal name |
Shakespeare, William, |
| Dates associated with a name |
1564-1616. |
| Title of a work |
Plays |
| Form subdivision |
Fiction. |
| 9 (RLIN) |
5674097 |
| 650 #1 - SUBJECT ADDED ENTRY--TOPICAL TERM |
| Topical term or geographic name as entry element |
Junior high schools |
| Form subdivision |
Fiction. |
| 9 (RLIN) |
6290124 |
| 650 #1 - SUBJECT ADDED ENTRY--TOPICAL TERM |
| Topical term or geographic name as entry element |
Schools |
| Form subdivision |
Fiction. |
| 9 (RLIN) |
5673727 |
| 650 #1 - SUBJECT ADDED ENTRY--TOPICAL TERM |
| Topical term or geographic name as entry element |
Family life |
| Geographic subdivision |
New York (State) |
| -- |
Long Island |
| Form subdivision |
Fiction. |
| 9 (RLIN) |
6468319 |
| 651 #1 - SUBJECT ADDED ENTRY--GEOGRAPHIC NAME |
| Geographic name |
Long Island (N.Y.) |
| General subdivision |
History |
| Chronological subdivision |
20th century |
| Form subdivision |
Fiction. |
| 9 (RLIN) |
6468320 |
| 600 17 - SUBJECT ADDED ENTRY--PERSONAL NAME |
| Personal name |
Shakespeare, William, |
| Dates associated with a name |
1564-1616. |
| Title of a work |
Plays |
| Form subdivision |
Fiction. |
| Source of heading or term |
sears |
| 9 (RLIN) |
5674097 |
| 650 #7 - SUBJECT ADDED ENTRY--TOPICAL TERM |
| Topical term or geographic name as entry element |
Junior high schools |
| Form subdivision |
Fiction. |
| Source of heading or term |
sears |
| 9 (RLIN) |
6290124 |
| 650 #7 - SUBJECT ADDED ENTRY--TOPICAL TERM |
| Topical term or geographic name as entry element |
School stories. |
| Source of heading or term |
sears |
| 9 (RLIN) |
6290127 |
| 650 #7 - SUBJECT ADDED ENTRY--TOPICAL TERM |
| Topical term or geographic name as entry element |
Family life |
| Geographic subdivision |
Long Island (N.Y.) |
| Form subdivision |
Fiction. |
| Source of heading or term |
sears |
| 9 (RLIN) |
6520545 |
| 651 #7 - SUBJECT ADDED ENTRY--GEOGRAPHIC NAME |
| Geographic name |
Long Island (N.Y.) |
| General subdivision |
History |
| Chronological subdivision |
20th century |
| Form subdivision |
Fiction. |
| Source of heading or term |
sears |
| 9 (RLIN) |
6468320 |
| 650 #7 - SUBJECT ADDED ENTRY--TOPICAL TERM |
| Topical term or geographic name as entry element |
Bildungsromans. |
| Source of heading or term |
sears |
| 9 (RLIN) |
6290129 |
| 655 #7 - INDEX TERM--GENRE/FORM |
| Genre/form data or focus term |
Bildungsromans. |
| Source of term |
gsafd |
| 9 (RLIN) |
102642 |
| 942 ## - ADDED ENTRY ELEMENTS (KOHA) |
| Koha item type |
UNKNOWN |